Jesuitas : anuario 1962-1963 de la Compañía de Jesús /

Información sobre actividades de los jeuitas en los años 1962-1963. Entre ellos, destacan los temas sobre sus universidades y colegios, nuevas obras apostólicas y la biografía de alguno de ellos.

Guardado en:
Bibliografiske detaljer
Format: Bog
Sprog:spansk
Udgivet: Roma, Italia Compañía de Jesús, Curia Generalicia, 1962
Fag:
Tags: Tilføj Tag
Ingen Tags, Vær først til at tagge denne postø!

MARC

LEADER 00000nam^a2200000^a^4500
001 000154373
005 20250526000000.0
009 20260310100351.196
037 |a Acervo ITESO - Biblioteca 
041 |a ESP 
082 |a 255. 53  |b JES 1963 
240 1 1 |a [Jesuitas: anuario de la Compañía de Jesús] 
240 1 1 |a [Jesuitas: anuario de la Compañía de Jesús: 1962-1963] 
245 0 0 |a Jesuitas :  |b anuario 1962-1963 de la Compañía de Jesús / 
264 1 |a Roma, Italia  |b Compañía de Jesús, Curia Generalicia,  |c 1962 
300 |a 159 p. ;  |c 24.0 cm. 
336 |a texto  |b txt  |2 rdacontenido 
337 |a sin mediación  |b n  |2 rdamedio 
338 |a volumen  |b nc  |2 rdasoporte 
520 |a Información sobre actividades de los jeuitas en los años 1962-1963. Entre ellos, destacan los temas sobre sus universidades y colegios, nuevas obras apostólicas y la biografía de alguno de ellos. 
649 |a XX 
650 |a Jesuitas en la Educación -  |x Historia 
650 |a Jesuitas -  |x Anuarios -  |x Tema Principal 
650 |a Jesuitas -  |x Biografías 
650 |a Jesuitas -  |x Historia -  |y 1946-1964 -  |x Tema Principal 
650 |a Jesuitas -  |x Historia -  |y Siglo XX 
650 |a Iglesia Católica -  |x Historia -  |y Papa, 1958-1963 (Juan XXIII) 
650 |a Iglesia Católica -  |x Historia -  |y Siglo XX 
650 |a Iglesia y Medios de Comunicación 
650 |a Monasticismo y Ordenes Religiosas 
650 |a Ejercicios Ignacianos 
650 |a Ejercicios Espirituales 
650 |a Evangelización 
650 |a Catolicismo 
650 |a Cristianismo 
650 |a Religión 
910 |a Fondo General 
920 |a Impresos - Libros 
930 |a Libros Antiguos y Raros 
940 |a Jesuitas 
905 |a 108 
901 |a 0500086338  |b IT2  |c LRA  |u 20250526 
902 |a https://opac.biblio.iteso.mx/vufind/Record/000154373